000 00844nas a2200253Ia 4500
001 R017/42741
003 IT-RoPAU
008 151124c99999999xx |||||||||||| ||und||
040 _aIT-RoPAU
040 _cIT-RoPAU
041 _aITALIANO
100 _aVerdone Mario
_gCodice Aut. SPICS: 86
210 _aFILMCRITICA
222 _aFilmcritica
245 _aFILMCRITICA, ANNO 35-N.348/349 (OTTOBRE-NOVEMBRE 1984)
_bUmberto Barbaro E L'Immaginismo
250 _a1a ed.
260 _aMONTEPULCIANO
_bEDITORI DEL GRIFO
_c1984
501 _bPaulus - SPICS - Società San Paolo EM (non-commercial uses only)
_cCopyright2015
300 _a7 p. [485-491]
362 _aANNO 035, N.348/349 (OTTOBRE-NOVEMBRE 1984)
500 _aTestimonianza su Umberto Barbaro e la Sua Opera.
650 _aCINEMA
_vPUBBLICAZIONE PERIODICA
942 _cCR
999 _c161406
_d161406